000 00313nac a22001217a 4500
005 20251108175431.0
008 250721s9999 xx 000 0 eng d
100 1 _aali, muazzam
_eEd.
245 1 0 _aarts the islamic world /
264 1 _alondon :
_bislamic arts fondation,
942 _2ddc
_cCOL
999 _c133997
_d133997